00984pab a2200205 454500008004000000100003700040245005500077260000900132300001600141362001100157520032800168650004400496650004400540650002200584773003400606908000600640909001000646999001700656952010500673180718b2007 xxu||||| |||| 00| 0 eng d aBanerjee, Abhijit Vinayak et al. aBeyond Nandigram: industrialisation in West Bengal c2007 ap.1487-489. a28 Apr aIf we are to learn the right lessons from the tragedy of Nandigram, then we must ensure that the government is involved in the land acquisition process and that we correctly deal with three sets of issues: the size and form of compensation, the eligibility for compensation and the credibility of the process. - Reproduced. aIndustrialisation - India - West Bengal aAgricultural land - India - West Bengal aAgricultural land aEconomic and Political Weekly aN a73743 c73743d73743 00104070aIIPAbIIPAd2018-07-19hVolume no: 42, Issue no: 17pAR74203r2018-07-19w2018-07-19yAR